01697nam a2200241Ia 4500001000600000003000900006008004100015040001300056040001300069041001300082100001800095100002900113245006300142245006300205250001100268260001900279260001200298260004900310300005700359500097700416650003101393650003101424H1964IT-RoPAU130308s9999 xx 000 0 und d aIT-RoPAU cIT-RoPAU aITALIANO aArecco Sergio gCodice Aut. SPICS: 9813 aPaesaggio del cinema (Il). Dieci studi da Ford a Almodovar bPaesaggio del Cinema (Il). Dieci Studi da Ford a Almodovar a1a ed. aRECCO (GENOVA) bLe Mani c2002 [1° Ed.:2002 - Ed.Ling.Originale:2002] a"184 p. (prefazione: no ; testo: 184 [pagine: 0-0])" a"Dalla mitologia western Alla mitologia Contemporanea. nel passaggio dal Cinema classico al Cinema Postmoderno Non cambia la Logica di una Visione Chee' Sempre Visione di Confini e Sconfinamenti, Contrazione e Dilatazione Dispazi e Orizzonti. costruito Attorno All'Opera di Dieci registi Giudicati Esemplari del Rapporto tra Cinema e Territorio, Il presente Libro Costituisce un importante Contributo All'Analisi di Quel vero e Proprio doppio che è Stato ed è Il ""Paesaggio"". Introduzione: Cinema e Dialettica del Vuoto. Antonioni e L'Orizzonte degli Eventi. Rohmer e I Giochi di Società. Hawks e Il vento Occidentale. Malick e Il gotico Americano. Almodovar e le Regoledi Clausura. Visconti e la patologia della Composizione. I Coen e Il pensiero Debole. Jane Campion e la terra del Presente. Bernardo Bertolucci e L'Ottocento del Novecento. John Ford e L'Età dell'Innocenza. Antonioni e la nostalgia della Metamorfosi. Bibliografia. indice dei Film Studiati." aLINGUAGGIO CINEMATOGRAFICO eCodice materia Spics: 6804